Normal view
MARC view
- Subrahmanyam, K.
Entry Personal Name
001 - CONTROL NUMBER
- control field: 26700
003 - CONTROL NUMBER IDENTIFIER
- control field: NUST
005 - DATE AND TIME OF LATEST TRANSACTION
- control field: 20191210150727.0
008 - FIXED-LENGTH DATA ELEMENTS
- fixed length control field: 191210|| aca||aabn | a|a d
040 ## - CATALOGING SOURCE
- Original cataloging agency: NUST
- Transcribing agency: NUST
100 ## - HEADING--PERSONAL NAME
- Personal name: Subrahmanyam, K.
670 ## - SOURCE DATA FOUND
- Source citation: Work cat.: (NUST)0: Nuclear myths and realities :, 1981.
